INNOVATIONS IN HUMAN RESOURCE MANAGEMENT (Record no. 15980)

MARC details
000 -LEADER
fixed length control field 00323nam a2200121Ia 4500
008 - FIXED-LENGTH DATA ELEMENTS--GENERAL INFORMATION
fixed length control field 240624s9999 xx 000 0 und d
041 ## - LANGUAGE CODE
Language code of text/sound track or separate title eng
082 ## - DEWEY DECIMAL CLASSIFICATION NUMBER
Classification number 658.3 SIS
100 ## - MAIN ENTRY--PERSONAL NAME
Personal name SISTARE HANNAH S
245 ## - TITLE STATEMENT
Title INNOVATIONS IN HUMAN RESOURCE MANAGEMENT
260 ## - PUBLICATION, DISTRIBUTION, ETC.
Date of publication, distribution, etc. 2009
Place of publication, distribution, etc. New Delhi
Name of publisher, distributor, etc. Prentice-Hall of India
365 ## - TRADE PRICE
Currency code RS
Price amount 27
Holdings
Withdrawn status Lost status Damaged status Not for loan Home library Current library Shelving location Date acquired Source of acquisition Cost, normal purchase price Full call number Barcode Date last seen Copy number Price effective from Koha item type
        IMTN IMTN Rack 23-B 12/08/2010 BWE 295.00 658.3 SIS 15980 06/24/2024 1 06/24/2024 Books
Designed & Maintained by: LRC IMT Nagpur Contact: lrc@imtnag.ac.in© 2024. All Rights Reserved.